000 00756nam a2200217 a 4500
005 20241004063743.0
008 030902s1998 mx r 000 0 spa d
020 _a8477382956
035 _aUPN01000128332
049 _aCG
050 4 _aP217.68
_bJ5.3
100 1 _aJiménez González, Juan E.
245 1 0 _aConciencia fonológica y aprendizaje de la lectura :
_bteoría, evaluación e interpretación /
_cJuan E. Jiménez González, María del Rosario Ortiz González.
260 _aMadrid :
_bSíntesis,
_c1998.
300 _a155 p. :
_bil.
440 0 _aAplicación en el aula ;
_v13
650 4 _aFONOLOGIA NATURAL
650 4 _aLectura
_xEnseñanza correctiva
_919399
700 1 _aOrtiz González, María del Rosario,
_ecoaut.
905 _aLibro
999 _c100511
_d100511